000 00335nam a2200133Ia 4500
008 151001s9999||||xx |||||||||||||| ||und||
100 _aशिरीष कणेकर
245 _aक्रिकेट वेध
250 _a1
260 _bविश्वमोहिनी
260 _c1977
300 _a207
365 _b22
999 _c959444
_d959441